Transcendental astrology, (Record no. 188519)
[ view plain ]
| 000 -LEADER | |
|---|---|
| fixed length control field | 00743 a2200193 4500 |
| 003 - CONTROL NUMBER IDENTIFIER | |
| control field | Nust |
| 005 - DATE AND TIME OF LATEST TRANSACTION | |
| control field | 20221215141157.0 |
| 010 ## - LIBRARY OF CONGRESS CONTROL NUMBER | |
| LC control number | 79132186 |
| 020 ## - INTERNATIONAL STANDARD BOOK NUMBER | |
| International Standard Book Number | 0877280258 |
| 040 ## - CATALOGING SOURCE | |
| Transcribing agency | Nust |
| 082 00 - DEWEY DECIMAL CLASSIFICATION NUMBER | |
| Classification number | 133.5, NOR |
| 100 1# - MAIN ENTRY--PERSONAL NAME | |
| Personal name | Norris, A. G. S. |
| 9 (RLIN) | 104977 |
| 245 10 - TITLE STATEMENT | |
| Title | Transcendental astrology, |
| Statement of responsibility, etc. | by A. G. S. Norris. |
| 260 ## - PUBLICATION, DISTRIBUTION, ETC. | |
| Place of publication, distribution, etc. | New York, |
| Name of publisher, distributor, etc. | S. Weiser, |
| Date of publication, distribution, etc. | 1970. |
| 300 ## - PHYSICAL DESCRIPTION | |
| Extent | 288, p.; |
| Other physical details | illus. |
| Dimensions | 24 cm. |
| 505 ## - FORMATTED CONTENTS NOTE | |
| Formatted contents note | Principle And Tabulation Of Values (Page-21), Planetary Symbolism (Page-52), The Seven World (Page-106), The Lesson Of The Sign (Page-119), Linking The Soul To The Astrogical Chart (Page-191), Rules For Scientific Delineation (Page-224), An Example Delineation (Page-244). |
| 650 #0 - SUBJECT ADDED ENTRY--TOPICAL TERM | |
| Topical term or geographic name entry element | Astrology. |
| 9 (RLIN) | 46383 |
| 942 ## - ADDED ENTRY ELEMENTS (KOHA) | |
| Source of classification or shelving scheme | |
| Koha item type | Book |
| Withdrawn status | Lost status | Source of classification or shelving scheme | Damaged status | Not for loan | Permanent Location | Current Location | Shelving location | Date acquired | Total Checkouts | Full call number | Barcode | Date last seen | Date last checked out | Price effective from | Koha item type | Public note |
|---|---|---|---|---|---|---|---|---|---|---|---|---|---|---|---|---|
| Military College of Signals (MCS) | Military College of Signals (MCS) | General Stacks | 12/12/2016 | 1 | 133.5,NOR | MCS29773 | 01/31/2025 | 12/05/2024 | 12/12/2016 | Book | Almirah No.46, Shelf No.2 |
